000 00486nam a2200181Ia 4500
005 20250326142305.0
008 250326s9999 xx 000 0 und d
037 _aTextbook
040 _aFMSL
_beng
_cFMSL
041 _aeng
_2eng
084 _qFMSL
100 _aLovelock C
245 0 _aServices marketing; Peoples, technology & strategy
_cLovelock C
260 _aDelhi
_bDelhi, Vikas Publication House
_c2001
300 _a487p
942 _cTB
999 _c1294324
_d1294324